000
00278nam a2200109Ia 4500
008
200302s9999 xx 000 0 und d
100
_a
Dora Jane Hamblin & Other
245
_a
The Emergence of Man The First Cities
260
_b
Time-Life Inc.
260
_c
1973
300
_a
160 p.,
999
_c
2175
_d
2175